[Event "Quebec Capablanca"]
[Site "Quebec"]
[Date "2018.01.22"]
[Round "5"]
[White "Bernatchez, Dan"]
[Black "Glode, Martin"]
[Result "0-1"]
[WhiteElo "1967"]
[BlackElo "1896"]
[PlyCount "68"]
[EventDate "2017.12.04"]
[EventType "swiss"]
[EventRounds "5"]
[EventCountry "CAN"]
[SourceTitle "EXT 2022"]
[Source "ChessBase"]
[SourceDate "2021.10.06"]
[SourceVersion "1"]
[SourceVersionDate "2021.10.06"]
[SourceQuality "1"]

1. d4 d5 2. Nf3 c6 3. c4 e6 4. e3 Nf6 5. Nc3 Nbd7 6. Bd3 dxc4 7. Bxc4 b5 8. Bd3 Bd6 9. e4 e5 10. 0-0 0-0 11. Bg5 b4 12. Ne2 Bb7 13. Rc1 Re8 14. dxe5 Bxe5 15. Nxe5 Nxe5 16. Bb1 Qe7 17. f3 Rad8 18. Qc2 Ba6 19. b3 c5 20. Rcd1 c4 21. Rxd8 Rxd8 22. Rd1 Nd3 23. Bxf6 Qxf6 24. bxc4 Qb6+ 25. c5 Qc7 26. Nc1 Nxc1 27. Rxc1 Qe5 28. Qf2 Qf4 29. Qe1 Be2 30. Bc2 Rd2 31. Qf2 Bd3 32. g3 Rxf2 33. gxf4 Rxc2 34. Rxc2 Bxc2 0-1

[Event "Quebec Keres"]
[Site "Quebec"]
[Date "2017.05.01"]
[Round "1"]
[White "Glode, Martin"]
[Black "Gaulin, Gaetan"]
[Result "1/2-1/2"]
[WhiteElo "1885"]
[BlackElo "1964"]
[PlyCount "39"]
[EventDate "2017.05.01"]
[EventType "swiss"]
[EventRounds "5"]
[EventCountry "CAN"]
[SourceTitle "EXT 2022"]
[Source "ChessBase"]
[SourceDate "2021.10.06"]
[SourceVersion "1"]
[SourceVersionDate "2021.10.06"]
[SourceQuality "1"]

1. e4 e6 2. d4 d5 3. exd5 exd5 4. Nf3 Nf6 5. Bd3 Bd6 6. 0-0 0-0 7. Bg5 Re8 8. Re1 Nbd7 9. Nbd2 h6 10. Bh4 c5 11. Rxe8+ Qxe8 12. dxc5 Bxc5 13. c3 b6 14. Qa4 Bb7 15. Re1 Qc8 16. Nd4 a6 17. Nf5 Qc6 18. Qxc6 Bxc6 19. Ne7+ Bxe7 20. Rxe7 1/2-1/2

[Event "Quebec Millenium"]
[Site "Quebec"]
[Date "2016.11.14"]
[Round "3"]
[White "Boulianne, Gabriel"]
[Black "Glode, Martin"]
[Result "0-1"]
[WhiteElo "1862"]
[BlackElo "1872"]
[PlyCount "64"]
[EventDate "2016.10.31"]
[EventType "swiss"]
[EventRounds "5"]
[EventCountry "CAN"]
[SourceTitle "EXT 2022"]
[Source "ChessBase"]
[SourceDate "2021.10.06"]
[SourceVersion "1"]
[SourceVersionDate "2021.10.06"]
[SourceQuality "1"]

1. d4 d5 2. c4 e6 3. Nf3 c6 4. g3 f5 5. Bg2 Nf6 6. 0-0 Bd6 7. c5 Bc7 8. Bg5 Nbd7 9. e3 0-0 10. Nc3 h6 11. Bf4 b6 12. Bxc7 Qxc7 13. b4 Ne4 14. Qc2 bxc5 15. bxc5 Ba6 16. Rfb1 Qa5 17. Nxe4 fxe4 18. Nd2 Bd3 19. Qc1 Bxb1 20. Rxb1 Rab8 21. Rxb8 Rxb8 22. Qc2 Qb4 23. Bh3 Nf8 24. Nxe4 Qe1+ 25. Kg2 Rb1 26. Bxe6+ Nxe6 27. Nf6+ gxf6 28. Qg6+ Ng7 29. Qxf6 Qf1+ 30. Kf3 Rb2 31. Qxc6 Qxf2+ 32. Kg4 Qf5+ 0-1

[Event "Quebec Millenium"]
[Site "Quebec"]
[Date "2016.11.07"]
[Round "2"]
[White "Glode, Martin"]
[Black "Lapierre, Gaetan"]
[Result "1-0"]
[WhiteElo "1872"]
[BlackElo "1984"]
[PlyCount "43"]
[EventDate "2016.10.31"]
[EventType "swiss"]
[EventRounds "5"]
[EventCountry "CAN"]
[SourceTitle "EXT 2022"]
[Source "ChessBase"]
[SourceDate "2021.10.06"]
[SourceVersion "1"]
[SourceVersionDate "2021.10.06"]
[SourceQuality "1"]

1. e4 d6 2. d4 Nf6 3. Bd3 g6 4. c3 Bg7 5. Nf3 0-0 6. 0-0 Na6 7. Qe2 c5 8. e5 Ne8 9. Bxa6 bxa6 10. dxc5 dxc5 11. Rd1 Qc7 12. Na3 Bb7 13. Nc4 Rc8 14. Bf4 f6 15. exf6 Qxf4 16. fxg7 Nxg7 17. Nfe5 Nh5 18. Rd7 Ba8 19. f3 Nf6 20. Rxa7 Bd5 21. b3 e6 22. Nb6 1-0

[Event "Quebec Keres"]
[Site "Quebec"]
[Date "2016.05.23"]
[Round "4"]
[White "Tremblay, Rejean"]
[Black "Glode, Martin"]
[Result "1-0"]
[WhiteElo "2182"]
[BlackElo "1872"]
[PlyCount "61"]
[EventDate "2016.05.02"]
[EventType "swiss"]
[EventRounds "5"]
[EventCountry "CAN"]
[SourceTitle "EXT 2022"]
[Source "ChessBase"]
[SourceDate "2021.10.06"]
[SourceVersion "1"]
[SourceVersionDate "2021.10.06"]
[SourceQuality "1"]

1. d4 d5 2. c4 e6 3. Nc3 c6 4. Nf3 Nf6 5. e3 Nbd7 6. Bd3 dxc4 7. Bxc4 b5 8. Bd3 Bd6 9. 0-0 0-0 10. Bd2 Bb7 11. Rc1 Rc8 12. a3 a5 13. Ne4 Be7 14. Qe1 Ra8 15. Qe2 Qb6 16. Nxf6+ Bxf6 17. Rfd1 b4 18. axb4 axb4 19. e4 e5 20. Rc4 c5 21. dxc5 Nxc5 22. Rxb4 Qd6 23. Be3 Rfb8 24. Bc4 Qe7 25. Bd5 Ba6 26. Rxb8+ Rxb8 27. Qc2 Rc8 28. Rc1 Nd7 29. Qxc8+ Bxc8 30. Rxc8+ Nf8 31. Bc5 1-0

[Event "Quebec Keres"]
[Site "Quebec"]
[Date "2016.05.16"]
[Round "3"]
[White "Glode, Martin"]
[Black "Laflamme, Simon"]
[Result "1/2-1/2"]
[WhiteElo "1872"]
[BlackElo "1835"]
[PlyCount "42"]
[EventDate "2016.05.02"]
[EventType "swiss"]
[EventRounds "5"]
[EventCountry "CAN"]
[SourceTitle "EXT 2022"]
[Source "ChessBase"]
[SourceDate "2021.10.06"]
[SourceVersion "1"]
[SourceVersionDate "2021.10.06"]
[SourceQuality "1"]

1. e4 c6 2. d4 d5 3. exd5 cxd5 4. Bd3 Nc6 5. c3 Qc7 6. Ne2 Bg4 7. f3 Bd7 8. Na3 a6 9. Nc2 Nf6 10. Bf4 e5 11. dxe5 Nxe5 12. Ncd4 Bd6 13. 0-0 Nxd3 14. Bxd6 Qxd6 15. Qxd3 0-0 16. Rad1 Rfe8 17. Rfe1 Qb6 18. Qd2 Re5 19. Kh1 Rae8 20. Rf1 Qa5 21. Nc1 Kf8 1/2-1/2

[Event "Quebec Zukertort"]
[Site "Quebec"]
[Date "2016.03.14"]
[Round "5"]
[White "Potvin, Alain Nicolas"]
[Black "Glode, Martin"]
[Result "0-1"]
[WhiteElo "1798"]
[BlackElo "1769"]
[PlyCount "30"]
[EventDate "2016.02.15"]
[EventType "swiss"]
[EventRounds "5"]
[EventCountry "CAN"]
[SourceTitle "EXT 2022"]
[Source "ChessBase"]
[SourceDate "2021.10.06"]
[SourceVersion "1"]
[SourceVersionDate "2021.10.06"]
[SourceQuality "1"]

1. d4 d5 2. e3 Nf6 3. Bd3 Nc6 4. c3 e5 5. dxe5 Nxe5 6. Bc2 Bg4 7. f3 Bh5 8. Qd4 Bd6 9. b3 Qe7 10. Nh3 Bxf3 11. Qa4+ c6 12. gxf3 Nxf3+ 13. Kf2 Nxh2 14. Nf4 Nfg4+ 15. Kg2 Qh4 0-1

[Event "Quebec Zukertort"]
[Site "Quebec"]
[Date "2016.02.29"]
[Round "3"]
[White "Laprade, Jean Jr"]
[Black "Glode, Martin"]
[Result "0-1"]
[WhiteElo "1503"]
[BlackElo "1769"]
[PlyCount "98"]
[EventDate "2016.02.15"]
[EventType "swiss"]
[EventRounds "5"]
[EventCountry "CAN"]
[SourceTitle "EXT 2022"]
[Source "ChessBase"]
[SourceDate "2021.10.06"]
[SourceVersion "1"]
[SourceVersionDate "2021.10.06"]
[SourceQuality "1"]

1. e4 Nf6 2. e5 Nd5 3. d4 d6 4. c4 Nb6 5. Bf4 dxe5 6. Bxe5 Nc6 7. Nf3 Bg4 8. Bg3 Bxf3 9. gxf3 Qxd4 10. Nc3 e6 11. a3 Bd6 12. Bxd6 Qxd6 13. Qxd6 cxd6 14. Nb5 Ke7 15. Rd1 Rhd8 16. Rg1 g6 17. b3 Rac8 18. f4 a6 19. Nd4 Nxd4 20. Rxd4 d5 21. Rg3 dxc4 22. Rxd8 Kxd8 23. bxc4 Nxc4 24. a4 Nd6 25. Bd3 Rc3 26. Kd2 Ra3 27. Bc2 Nc4+ 28. Ke2 Ke7 29. Rxa3 Nxa3 30. Bb3 Kd6 31. Kd3 b5 32. Kd4 Nb1 33. h4 Nd2 34. Bd1 b4 35. Kd3 Nb1 36. h5 Nc3 37. Bb3 Nd5 38. Kc4 Kc6 39. a5 Nxf4 40. Kxb4 Nd3+ 41. Kc4 Nxf2 42. Ba4+ Kd6 43. Kd4 e5+ 44. Ke3 Ng4+ 45. Ke2 f5 46. hxg6 hxg6 47. Bb3 Kc5 48. Bf7 g5 49. Bg6 Nh6 0-1

[Event "Charlesbourg Alekhine op"]
[Site "Charlesbourg"]
[Date "2015.09.21"]
[Round "4"]
[White "Glode, Martin"]
[Black "Tremblay Alix, Eric"]
[Result "1/2-1/2"]
[WhiteElo "1765"]
[BlackElo "1723"]
[PlyCount "70"]
[EventDate "2015.08.31"]
[EventType "tourn"]
[EventRounds "5"]
[EventCountry "CAN"]
[SourceTitle "EXT 2019"]
[Source "ChessBase"]
[SourceDate "2018.10.10"]
[SourceVersion "1"]
[SourceVersionDate "2018.10.10"]
[SourceQuality "1"]

1. e4 e6 2. d4 d5 3. Nd2 c5 4. exd5 Qxd5 5. Ngf3 cxd4 6. Bc4 Qc5 7. 0-0 Nc6 8. Qe2 Nf6 9. Nb3 Qb6 10. Rd1 Bd6 11. Nfxd4 Nxd4 12. Nxd4 0-0 13. Nb3 e5 14. Be3 Qc7 15. Rxd6 Qxd6 16. Bc5 Qc7 17. Bxf8 Kxf8 18. Re1 e4 19. Nd4 Bg4 20. Qf1 Rd8 21. c3 a6 22. a4 Rd6 23. h3 Bd7 24. Bb3 Qb6 25. Qc4 Be8 26. Kh1 Qd8 27. Qb4 Kg8 28. Qxb7 Rb6 29. Qa7 Qb8 30. Qxb8 Rxb8 31. Re2 Bd7 32. Bc4 Bxa4 33. Bxa6 Bd1 34. Rd2 Ba4 35. Nf5 g6 1/2-1/2

[Event "Charlesbourg Khalif"]
[Site "Charlesbourg"]
[Date "2015.04.13"]
[Round "3"]
[White "Glode, Martin"]
[Black "Beauchesne, Jonathan"]
[Result "1/2-1/2"]
[WhiteElo "1789"]
[BlackElo "1781"]
[PlyCount "57"]
[EventDate "2015.03.30"]
[EventType "swiss"]
[EventRounds "5"]
[EventCountry "CAN"]
[SourceTitle "EXT 2022"]
[Source "ChessBase"]
[SourceDate "2021.10.06"]
[SourceVersion "1"]
[SourceVersionDate "2021.10.06"]
[SourceQuality "1"]

1. e4 c5 2. Nf3 Nc6 3. c3 Qa5 4. Na3 e6 5. Nc4 Qc7 6. d4 Nf6 7. e5 Nd5 8. a3 b5 9. Ne3 Nxe3 10. Bxe3 c4 11. a4 Qb8 12. Qc2 a6 13. Be2 Ne7 14. 0-0 Nd5 15. Ng5 Be7 16. Ne4 0-0 17. Bg5 Bxg5 18. Nxg5 f5 19. Bf3 Bb7 20. Nh3 Qc7 21. Qd2 h6 22. Bxd5 Bxd5 23. Nf4 Qb7 24. f3 Kh7 25. Nh5 Bc6 26. axb5 axb5 27. Rfb1 Rxa1 28. Rxa1 Ra8 29. Qe1 1/2-1/2

[Event "Charlesbourg CC-ch"]
[Site "Charlesbourg"]
[Date "2014.05.26"]
[Round "5"]
[White "Tremblay Alix, Eric"]
[Black "Glode, Martin"]
[Result "1-0"]
[WhiteElo "1934"]
[BlackElo "1888"]
[PlyCount "47"]
[EventDate "2014.04.28"]
[EventType "tourn"]
[EventRounds "5"]
[EventCountry "CAN"]
[SourceTitle "EXT 2022"]
[Source "ChessBase"]
[SourceDate "2021.10.06"]
[SourceVersion "1"]
[SourceVersionDate "2021.10.06"]
[SourceQuality "1"]

1. c4 e6 2. Nc3 d5 3. cxd5 exd5 4. Nf3 Nf6 5. g3 Be7 6. Bg2 0-0 7. 0-0 c6 8. d4 Bf5 9. Nh4 Be6 10. Qc2 Qd7 11. e4 Nxe4 12. Nxe4 dxe4 13. Bxe4 f5 14. Bd3 Bxh4 15. Re1 Kh8 16. gxh4 g6 17. Bf4 Bd5 18. Re3 Qd8 19. Bg5 Qb6 20. Qc3 Na6 21. Rae1 Nb4 22. Bc4 Bxc4 23. d5+ Kg8 24. Bh6 1-0

[Event "Charlesbourg CC-ch"]
[Site "Charlesbourg"]
[Date "2014.05.12"]
[Round "3"]
[White "Lessard, Claude"]
[Black "Glode, Martin"]
[Result "0-1"]
[WhiteElo "2014"]
[BlackElo "1888"]
[PlyCount "100"]
[EventDate "2014.04.28"]
[EventType "tourn"]
[EventRounds "5"]
[EventCountry "CAN"]
[SourceTitle "EXT 2022"]
[Source "ChessBase"]
[SourceDate "2021.10.06"]
[SourceVersion "1"]
[SourceVersionDate "2021.10.06"]
[SourceQuality "1"]

1. d4 d5 2. Nf3 Nf6 3. c4 c5 4. cxd5 cxd4 5. Qxd4 Qxd5 6. Nc3 Qxd4 7. Nxd4 a6 8. g3 Bd7 9. Bg2 e5 10. Nc2 Bc6 11. 0-0 Be7 12. e4 0-0 13. Ne3 Nbd7 14. Ned5 Bd8 15. Nb4 Rc8 16. Nxc6 Rxc6 17. Rd1 Nc5 18. Be3 Ne6 19. h3 Bb6 20. Nd5 Bd8 21. Rd2 Rc4 22. b3 Rc8 23. Rad1 Re8 24. f3 Nd4 25. Bxd4 exd4 26. Rxd4 Nxd5 27. Rxd5 Bb6+ 28. Kf1 Rc2 29. R1d2 Rxd2 30. Rxd2 Rd8 31. Rc2 Kf8 32. f4 Rd3 33. g4 Ba5 34. e5 b6 35. Ke2 Rc3 36. Rb2 Bb4 37. h4 Rc1 38. h5 Bc3 39. Rd2 Bxd2 40. Kxd2 Ra1 41. Bd5 Rxa2+ 42. Ke3 Ke7 43. f5 h6 44. Ke4 Re2+ 45. Kf4 Rc2 46. Ke4 a5 47. Bc4 Rg2 48. Kf4 Rc2 49. Ke4 a4 50. Kd3 Rg2 0-1

[Event "Charlesbourg Festival"]
[Site "Charlesbourg"]
[Date "2013.06.10"]
[Round "2"]
[White "Plante, Rejean"]
[Black "Glode, Martin"]
[Result "0-1"]
[WhiteElo "2010"]
[BlackElo "1798"]
[PlyCount "42"]
[EventDate "2013.06.03"]
[EventType "swiss"]
[EventRounds "5"]
[EventCountry "CAN"]
[SourceTitle "EXT 2022"]
[Source "ChessBase"]
[SourceDate "2021.10.06"]
[SourceVersion "1"]
[SourceVersionDate "2021.10.06"]
[SourceQuality "1"]

1. d4 d5 2. Nf3 Nf6 3. c4 c5 4. cxd5 cxd4 5. Qxd4 Qxd5 6. Nc3 Qxd4 7. Nxd4 a6 8. e4 e5 9. Nf3 Bb4 10. Bd3 Nc6 11. 0-0 0-0 12. Bg5 Bg4 13. Rac1 Rac8 14. Bxf6 Bxc3 15. Rxc3 gxf6 16. Bb1 Ne7 17. Rb3 b5 18. Nxe5 Be2 19. Ng4 Bxf1 20. Nxf6+ Kg7 21. Nh5+ Kh8 0-1

[Event "Charlesbourg Capablanca"]
[Site "Charlesbourg"]
[Date "2013.01.14"]
[Round "2"]
[White "Robitaille, Serge"]
[Black "Glode, Martin"]
[Result "0-1"]
[WhiteElo "1558"]
[BlackElo "1878"]
[PlyCount "80"]
[EventDate "2013.01.07"]
[EventType "swiss"]
[EventRounds "4"]
[EventCountry "CAN"]
[SourceTitle "EXT 2022"]
[Source "ChessBase"]
[SourceDate "2021.10.06"]
[SourceVersion "1"]
[SourceVersionDate "2021.10.06"]
[SourceQuality "1"]

1. e4 Nf6 2. Nc3 d5 3. e5 Nfd7 4. d4 c5 5. dxc5 e6 6. Nf3 Bxc5 7. Bd3 Nc6 8. Qe2 Nb4 9. 0-0 Nxd3 10. cxd3 Be7 11. Bf4 a6 12. d4 Nb6 13. Rfc1 Bd7 14. Rc2 Rc8 15. Rac1 0-0 16. Nb1 Bc6 17. b3 Qd7 18. Qd2 Bb5 19. Rxc8 Rxc8 20. Rxc8+ Qxc8 21. Qc3 Bd8 22. Qc5 Bc6 23. Bg5 Nd7 24. Qc2 h6 25. Bxd8 Qxd8 26. Nbd2 Qe7 27. h3 Qb4 28. Kh2 a5 29. Nb1 a4 30. bxa4 Bxa4 31. Qc8+ Kh7 32. Nc3 Bc6 33. Nd1 Qb1 34. Ne3 Qxa2 35. Ng4 Qa4 36. Qc7 Qc2 37. Nf6+ gxf6 38. exf6 Qg6 39. Ne5 Nxe5 40. Qxe5 Qg5 0-1